| 000 | 00589nam a2200193 i 4500 | ||
|---|---|---|---|
| 001 | bg | ||
| 100 | 1 | _aGAWĘCKI, Andrzej | |
| 245 | 0 |
_aSprężysto-plastyczne konstrukcje prętowe z luzami / _cAndrzej Gawęcki. |
|
| 260 |
_aPoznań : _bWydaw. PP, _c1987. |
||
| 300 |
_a99 s. : _brys., wykr. ; _c24 cm. |
||
| 490 | 1 |
_aRozprawy / Politechnika Poznańska, _x0551-6528 ; _v185 |
|
| 504 | _aBibliogr. s. 94-98. | ||
| 830 | 0 |
_aRozprawy (Politechnika Poznańska) ; _v185 |
|
| 040 | _cBPK | ||
| 041 | _apol | ||
| 080 | _a624.01/.07 | ||
| 942 | _cKS | ||
| 008 | s pl f |000 0 pol | ||
| 999 |
_c23925 _d23925 |
||
| 856 |
_uhttp://koha.tu.koszalin.pl/cgi-bin/koha/opac-detail.pl?biblionumber=23925 _yKatalog online BPK |
||